000 00272nam a22001217a 4500
040 _cHS
082 _a304
100 _aPAUL NICHOLS
245 _aSocial survey methods fieldguide for development workers
260 _aNA
_bPAUL NICHOLS
_cNA
300 _a129p;
942 _cEK
999 _c9747
_d9747